Eastern Utah Libraries Catalog: Duchesne, Heber, Roosevelt, & Vernal

Grave peril / (Dresden Files Book 3) (Record no. 127579)

MARC details
000 -LEADER
fixed length control field 01280cam a2200337 a 4500
001 - CONTROL NUMBER
control field BK0009194373
003 - CONTROL NUMBER IDENTIFIER
control field AU
005 - DATE AND TIME OF LATEST TRANSACTION
control field 20250619161813.0
008 - FIXED-LENGTH DATA ELEMENTS--GENERAL INFORMATION
fixed length control field 010829s2001 nyu 000 1 eng d
010 ## - LIBRARY OF CONGRESS CONTROL NUMBER
LC control number bl2001008940
020 ## - INTERNATIONAL STANDARD BOOK NUMBER
International Standard Book Number 9780451458445 : PAP
Terms of availability $9.99
020 ## - INTERNATIONAL STANDARD BOOK NUMBER
International Standard Book Number 0451458443 : PAP
Terms of availability $9.99
037 ## - SOURCE OF ACQUISITION
Source of stock number/acquisition Penguin Group USA, Attn: Order Processing 405 Murray Hill Pkwy, East Rutherford, NJ, USA, 07073-2136
Note SAN 282-5074
040 ## - CATALOGING SOURCE
Original cataloging agency NjBwBT
Transcribing agency NjBwBT
Modifying agency NjBwBT
Description conventions rda
050 14 - LIBRARY OF CONGRESS CALL NUMBER
Classification number PS3602.U85
Item number G73 2001
082 04 - DEWEY DECIMAL CLASSIFICATION NUMBER
Classification number 813/.54
Edition number 21
092 ## - LOCALLY ASSIGNED DEWEY CALL NUMBER (OCLC)
Classification number 813.5400
092 ## - LOCALLY ASSIGNED DEWEY CALL NUMBER (OCLC)
Classification number fiction
Item number Butcher, Jim
100 1# - MAIN ENTRY--PERSONAL NAME
Personal name Butcher, Jim,
Dates associated with a name 1971-
9 (RLIN) 55678
245 10 - TITLE STATEMENT
Title Grave peril / (Dresden Files Book 3)
Statement of responsibility, etc Jim Butcher.
260 ## - PUBLICATION, DISTRIBUTION, ETC. (IMPRINT)
Place of publication, distribution, etc New York, N.Y., U.S.A. :
Name of publisher, distributor, etc Roc,
Date of publication, distribution, etc c2001.
264 ## - Production, Publication, Distribution, Manufacture, and Copyright Notice.
Place of production, publication, distribution, manufacture New York, N.Y., U.S.A. :
Name of producer, publisher, distributor, manufacturer Roc,
Date of production, publication, distribution, manufacture, or copyr c2001.
300 ## - PHYSICAL DESCRIPTION
Extent 378 p. ;
Dimensions 18 cm.
336 ## - Content Type
Content type term text
337 ## - Media type
Media type term unmediated
338 ## - Carrier type
Carrier type term volume
440 ## - SERIES STATEMENT/ADDED ENTRY--TITLE
Title Dresden Files :
Volume number/sequential designation Book 3.
9 (RLIN) 6364436
490 ## - SERIES STATEMENT
Series statement Dresden Files
Volume number/sequential designation 3
520 ## - SUMMARY, ETC.
Summary, etc After Chicago's ghost population starts going seriously postal, resident wizard Harry Dresden much figure out who is stirring them up and why they all seem to be somehow connected to him.
942 ## - ADDED ENTRY ELEMENTS (KOHA)
Koha item type BOOK
Source of classification or shelving scheme Dewey Decimal Classification
Holdings
Withdrawn status Lost status Source of classification or shelving scheme Damaged status Not for loan Collection code Home library Current library Shelving location Date acquired Serial Enumeration / chronology Total Checkouts Total Renewals Full call number Barcode Date last seen Date checked out Cost, replacement price Price effective from Koha item type
    Dewey Decimal Classification     Fiction Wasatch County Library Wasatch County Library First Floor 06/19/2025 #3 Dresden Files 3 4 F Butcher 34301002116749 11/26/2025 09/27/2025 10.99 06/19/2025 BOOK
This project was made possible through a grant from the Institute of Museum and Library Service administered by the Utah State Library Division.

Wasatch County Library

  • 465 East 1200 South, Heber City, Utah 84032
  • Phone 435-654-1511 | Fax 435-654-6456

Hours

  • Monday - Friday 9:30 AM - 8:00 PM
  • Saturday 9:30 AM - 1:30 PM
  • Closed Sundays and Holidays